Statistiques concernant Pays de l'océan Arctique

Cliquez ici pour prendre le quiz!

Statistiques générales

  • Ce quiz a été pris 677 fois
  • Le résultat moyen est 6 sur 6

Statistiques - réponses

Pays% Correct
Canada
98%
Russie
97%
Norvège
96%
Danemark (Groenland)
93%
Etats-Unis
92%
Islande
91%

Distribution des résultats

Percentile par nombre de réponses

% des personnes avec chaque résultat

Votre développement - résultats

Vous n’avez pas pris ce quiz